| 000 | 00725nam a22001817a 4500 | ||
|---|---|---|---|
| 003 | UA-OsUOA | ||
| 001 | 17343 | ||
| 007 | ta | ||
| 008 | 20040222b un ||||| |||| 00| 0 ukr d | ||
| 100 | _aЗагиней С. | ||
| 942 | _cSA | ||
| 040 |
_aUA-OsUOA _cUA-OsUOA _dUA-OsUOA |
||
| 245 |
_a"Щоб тролейбуси" бігали" - потрібні кошти" _b[Розмова з дир. п-ва "Рівнеелектроавтотранс" С.Загінеєм про роботу комун. п-ва]/Розмовляла В.Погонська |
||
| 300 | _aС.6 | ||
| 955 | _a0 | ||
| 773 | 0 |
_w0 _tСім днів _dРівне _d2004 _g№3/16 січ./ |
|
| 650 | 7 |
_aКраєзнавча робота _2UDC |
|
| 999 |
_c303511 _d303511 |
||